Online
Catalog
Normal view MARC view

Entry Nombre personal

Number of records used in: 8

001 - NÚMERO DE CONTROL

  • campo de control: 248

003 - IDENTIFICADOR DEL NÚMERO DE CONTROL

  • campo de control: OSt

005 - FECHA Y HORA DE LA ÚLTIMA TRANSACCIÓN

  • campo de control: 20200615031930.0

008 - DATOS DE LONGITUD FIJA

  • campo de control de longitud fija: 200615|| aca||aabn | a|a d

040 ## - FUENTE DE LA CATALOGACIÓN

  • Centro catalogador/agencia de origen: OSt
  • Centro/agencia transcriptor: OSt

100 ## - ENCABEZAMIENTO-NOMBRE DE PERSONA

  • Nombre de persona: Fuster Lavín, Ana María,
  • Fechas asociadas al nombre: 1967-

670 ## - FUENTE DE DATOS ENCONTRADOS

  • Cita de la fuente: Work cat.: (OSt)61: Fuster Lavín, Ana María, 1967-, Bocetos de una ciudad silente :, 2007.

Powered by Koha